| 000 | 00635na a2200217 4500 | ||
|---|---|---|---|
| 001 | 19865 | ||
| 003 | MIRAKIL | ||
| 005 | 20181213155052.0 | ||
| 008 | 161228b tu 000 0 | ||
| 040 |
_aMilas _btur _cTR-AnCHP |
||
| 041 | _atur | ||
| 082 |
_a353.0313 _bD35b 1993 |
||
| 090 | _a353.0313 D35b 1993 | ||
| 110 | _aDenizcilik Müsteşarlığı | ||
| 245 | _aBaşbakanlık Denizcilik Müsteşarlığı | ||
| 260 |
_aAnkara _bBaşbakanlık _c1993 |
||
| 300 |
_a15 s. _c20 sm. |
||
| 610 |
_aDenizcilik Müsteşarlığı _xKuruluş kanunu _yTeşkilat yapısı |
||
| 650 |
_aBaşbakanlık _xMüsteşarlıklar |
||
| 942 |
_2ddc _cBKS |
||
| 999 |
_c5962 _d5962 |
||